000 00987cab a2200265 4500
001 ABS40422
008 090401t1989 xxu||||| |||| 00| 0 eng d
035 _a(Sirsi) u23722
041 _aeng
100 _aPalmer, A.
245 _aConstruction design cost optimisation
260 _c1989
350 _a0
490 _aChartered Quantity Surveyor
_v11(6) February 1989, 34-35(2)
520 _aConsiders the role of the QS as financial consultant by examining the theory of construction design cost optimisation . The function of CDCO is to increase the QS`s awareness of the alternatives involved in the construction process. Illustrates the methods by which such alternatives can be costed.
650 _aBUILT ENVIRONMENT-BUILDING COSTS
650 _aCOST PERFORMANCE
650 _aESTIMATING
650 _aFINANCIAL SERVICES
650 _aVALUE ENGINEERING
650 _aVALUE MANAGEMENT
690 _aQuantity surveying
_96263
942 _n0
948 _c04/03/1997
999 _c15882
_d15882